| 000 | 01500nam0a2200349 i 4500 | ||
|---|---|---|---|
| 001 | RU\NLR\bibl\2027087 | ||
| 005 | 20260409080715.0 | ||
| 010 |
_a9785386055868 _91000 |
||
| 021 |
_aRU _b2013-27036 _91869 |
||
| 035 | _a(NLR Aleph) 002069510 | ||
| 090 |
_a4740520 _c4740520 |
||
| 100 | _a20130422d2013 u y0rusy50 ca | ||
| 101 | 1 |
_arus _asan _csan |
|
| 102 | _aRU | ||
| 105 | _aa ||||||||| | ||
| 200 | 1 |
_aБхагавад Гита _eновый перевод с примечаниями _f[пер. с санскрита, граммат. разбор, примеч. и введ. Д. Бурбы] |
|
| 210 |
_aМосква _cРИПОЛ классик _d2013 |
||
| 215 |
_a558 с. _cил., факс. _d22 |
||
| 300 | _aЗагл. также на санскрите | ||
| 300 | _aЧасть текста на санскрите | ||
| 320 | _aБиблиогр.: с. 557-558 и в тексте примеч. | ||
| 320 | _aАлф. указ.: с. 527-544 | ||
| 500 |
_aМахабхарата _iБхагавадгита _3RU\NLR\auth\559115 _92631163 |
||
| 605 |
_a"Бхагавадгита" _lфилософско-литературный памятник санскритской литературы _91216652 _3RU\NLR\auth\66176201 |
||
| 686 | _aЭ331-260.9 | ||
| 702 | 1 |
_aБурба _bД. В. _gДмитрий Викторович _4730 |
|
| 801 | 0 |
_aRU _bNLR _c20130422 _gRCR |
|
| 801 | 1 |
_aRU _bNLR _c20130422 |
|
| 942 | _cBOOK | ||
| 980 | _aNBR | ||